[Event "FIDE World Bl Team Pool D"]
[Site "London ENG"]
[Date "2025.06.14"]
[Round "13.4"]
[White "Nilsson, Oliver"]
[Black "Iunusov, Nuriddin"]
[Result "0-1"]
[BlackTitle "CM"]
[WhiteElo "2129"]
[BlackElo "1953"]
[WhiteTeam "Uppsala SSS"]
[BlackTeam "Noval Group Kyrgyzstan"]
[WhiteFideId "1730177"]
[BlackFideId "13803026"]
[EventDate "2025.06.14"]
[EventType "team"]

1. e4 e5 2. Nf3 Nc6 3. Bc4 Nf6 4. d4 exd4 5. e5 d5 6. Bb5 Ne4 7. Nxd4 Bc5 8. Be3
Bxd4 9. Bxd4 O-O 10. Bxc6 bxc6 11. O-O c5 12. Be3 d4 13. Qd3 Bf5 14. Bf4 Rb8 15.
b3 Qh4 16. g3 Qh3 17. Nd2 Nxf2 18. Qf3 Ng4 19. Qg2 Qxg2+ 20. Kxg2 Bxc2 21. h3
Ne3+ 22. Bxe3 dxe3 23. Rac1 Bd3 24. Nc4 Bxf1+ 25. Kxf1 Rbe8 26. Rd1 f6 27. Ke2
fxe5 28. Rd7 Rf7 29. Rd5 e4 30. Rxc5 Ree7 31. Ra5 c6 32. Ra6 Rf3 33. Rxc6 Rxg3
34. Nd6 Rg2+ 35. Kxe3 h6 36. Nf5 Re5 37. Nd4 Re8 38. Rc7 Rg3+ 39. Ke2 e3 40. Nf5
Rg2+ 41. Kf3 Rf2+ 42. Kg4 Rxf5 43. Kxf5 e2 44. Kg6 Re6+ 45. Kf5 Rf6+ 0-1

[Event "FIDE World Bl Team Pool D"]
[Site "London ENG"]
[Date "2025.06.14"]
[Round "13.5"]
[White "Lesbekova, Assel"]
[Black "Ostensson, Julia"]
[Result "0-1"]
[WhiteTitle "WCM"]
[WhiteElo "1948"]
[BlackElo "1996"]
[WhiteTeam "Noval Group Kyrgyzstan"]
[BlackTeam "Uppsala SSS"]
[WhiteFideId "13713248"]
[BlackFideId "1747703"]
[EventDate "2025.06.14"]
[EventType "team"]

1. e4 d6 2. d4 Nf6 3. Nc3 Nbd7 4. Nf3 e5 5. Be2 Be7 6. h3 c6 7. Be3 O-O 8. a4
Re8 9. O-O Bf8 10. Bd3 Qc7 11. Re1 b6 12. Bf1 a6 13. a5 b5 14. dxe5 dxe5 15. Bg5
h6 16. Bh4 Bb7 17. Qc1 b4 18. Na4 c5 19. Nd2 Qxa5 20. Nc4 Qc7 21. f3 Bc6 22. b3
Bb5 23. Bf2 Rad8 24. Nab2 Nb8 25. Ne3 Nc6 26. Nf5 Kh7 27. Bh4 Be7 28. Nd3 Nd4
29. Qb2 Rd7 30. Nxe7 Rdxe7 31. Bxf6 gxf6 32. Nf2 Rg8 33. Ng4 Re6 34. Qc1 f5 35.
exf5 Nxf5 36. Bxb5 axb5 37. Qd2 h5 38. Nf2 Reg6 39. g4 Nd4 40. Kg2 Qc6 41. Ne4
f5 42. Ng3 hxg4 43. hxg4 Qxf3+ 44. Kh2 Rh6+ 45. Nh5 Qxg4 46. Rg1 Rxh5# 0-1

[Event "FIDE World Bl Team Pool D"]
[Site "London ENG"]
[Date "2025.06.14"]
[Round "13.6"]
[White "Letoret, Tim"]
[Black "Zhunusbekova, Aimonchok"]
[Result "1-0"]
[WhiteElo "1907"]
[BlackElo "1890"]
[WhiteTeam "Uppsala SSS"]
[BlackTeam "Noval Group Kyrgyzstan"]
[WhiteFideId "269638"]
[BlackFideId "13810251"]
[EventDate "2025.06.14"]
[EventType "team"]

1. e4 e6 2. d4 d5 3. e5 c5 4. c3 Nc6 5. Nf3 Nge7 6. Bd3 cxd4 7. cxd4 Nf5 8. Bxf5
exf5 9. O-O Be6 10. Nc3 Be7 11. Bf4 g5 12. Bc1 h5 13. Qd2 f4 14. Qd3 a6 15. Re1
g4 16. Nd2 Nb4 17. Qb1 Qd7 18. a3 Bf5 19. Nce4 Nc6 20. Nf6+ Bxf6 21. exf6+ Kf8
22. Qa2 Nxd4 23. Nb3 Nc2 24. Bxf4 Nxe1 25. Rxe1 Re8 26. Rc1 Qe6 27. g3 Qxf6 28.
Nc5 b6 29. Nb7 Be4 30. Nd6 Re6 31. Nxe4 dxe4 32. Qd5 Kg7 33. Rc6 Rd8 34. Qxh5
Rxc6 35. Be5 Rc1+ 36. Kg2 Rc2 37. Qxg4+ 1-0

[Event "FIDE World Bl Team Pool D"]
[Site "London ENG"]
[Date "2025.06.14"]
[Round "13.1"]
[White "Kohlmann, Robert"]
[Black "Kawuma, Patrick"]
[Result "1-0"]
[BlackTitle "FM"]
[WhiteElo "2026"]
[BlackElo "2231"]
[WhiteTeam "REY AHOGADO"]
[BlackTeam "Equity Bank, Kenya"]
[WhiteFideId "14900467"]
[BlackFideId "10000127"]
[EventDate "2025.06.14"]
[EventType "team"]

1. e4 c5 2. Nf3 e6 3. d3 Nc6 4. g3 g6 5. Bg2 Bg7 6. O-O Nge7 7. Nbd2 O-O 8. Re1
d6 9. c3 e5 10. a3 h6 11. b4 Bg4 12. h3 Be6 13. Bb2 Qd7 14. Kh2 Rad8 15. Qc2 b6
16. b5 Nb8 17. a4 f5 18. Nh4 f4 19. d4 fxg3+ 20. fxg3 Rf2 21. Rf1 Rdf8 22. Rxf2
Rxf2 23. Rf1 Rxf1 24. Nxf1 exd4 25. cxd4 cxd4 26. Nf3 d3 27. Qd2 Bxb2 28. Qxb2
Qc7 29. Ne3 Nd7 30. Nd4 Bf7 31. Ng4 h5 32. Nh6+ Kf8 33. Qf2 Ne5 34. Ne6+ 1-0

[Event "FIDE World Bl Team Pool D"]
[Site "London ENG"]
[Date "2025.06.14"]
[Round "13.2"]
[White "Gurevich, Artjom"]
[Black "Medal Paves, Jose Maria"]
[Result "1-0"]
[WhiteElo "2183"]
[BlackElo "1968"]
[WhiteTeam "Equity Bank, Kenya"]
[BlackTeam "REY AHOGADO"]
[WhiteFideId "2603870"]
[BlackFideId "24501492"]
[EventDate "2025.06.14"]
[EventType "team"]

1. d4 Nf6 2. Nf3 g6 3. c4 Bg7 4. Nc3 d6 5. g3 O-O 6. Bg2 Nc6 7. O-O a6 8. d5 Na5
9. b3 c5 10. dxc6 Nxc6 11. Bb2 Bg4 12. h3 Bf5 13. Qc1 Rc8 14. Rd1 b5 15. c5 d5
16. g4 Be6 17. Ng5 b4 18. Nxe6 fxe6 19. Na4 Qc7 20. Qe3 Nd8 21. Be5 Qc6 22. Rac1
Nd7 23. Bxg7 Kxg7 24. Qd4+ Kg8 25. e4 dxe4 26. Qxd7 Nf7 27. Qxc6 Rxc6 28. Bxe4
Rc7 29. Nb6 Ne5 30. Kg2 Rf4 31. f3 Rf8 32. Rd2 a5 33. Rdc2 Rd8 34. c6 Nf7 35.
Nc4 Nd6 36. Nxd6 exd6 37. Rd2 d5 38. Bd3 Kf7 39. f4 Ke7 40. Re1 Kd6 41. Bb5 Rb8
42. Ba4 Re8 43. Rde2 d4 44. f5 gxf5 45. gxf5 e5 46. Kf3 Kd5 47. Bb5 Rg7 48. Bc4+
Kd6 49. Be6 Kxc6 50. Rxe5 Rge7 51. Bd5+ Kd6 52. Rxe7 Rxe7 53. Rxe7 Kxe7 54. Ke4 1-0

[Event "FIDE World Bl Team Pool D"]
[Site "London ENG"]
[Date "2025.06.14"]
[Round "13.3"]
[White "Henriquez Garcia, David"]
[Black "Andiwoh, Moses"]
[Result "0-1"]
[WhiteElo "1905"]
[BlackElo "1796"]
[WhiteTeam "REY AHOGADO"]
[BlackTeam "Equity Bank, Kenya"]
[WhiteFideId "2204320"]
[BlackFideId "10801502"]
[EventDate "2025.06.14"]
[EventType "team"]

1. e4 d5 2. exd5 Nf6 3. Bb5+ Nbd7 4. Nf3 a6 5. Be2 Nxd5 6. d4 N7f6 7. O-O Bg4 8.
c4 Nb6 9. b3 e6 10. h3 Bh5 11. Bb2 Be7 12. Nbd2 c6 13. Ne5 Bxe2 14. Qxe2 O-O 15.
Rad1 Qc7 16. Nef3 Rfd8 17. Ne4 Nxe4 18. Qxe4 Nd7 19. d5 Bf6 20. dxe6 Bxb2 21.
exd7 Rxd7 22. Ng5 g6 23. Qh4 h5 24. Ne4 Qd8 25. Qxd8+ Raxd8 26. Rxd7 Rxd7 27.
Nc5 Re7 28. Rb1 Bd4 29. Nd3 Re2 30. Kf1 Rxa2 31. b4 Rd2 32. Rb3 b6 33. Ke1 Rc2
34. Kd1 Rxc4 35. Kd2 Kg7 36. f3 Bf6 37. Ra3 Be7 38. Rxa6 Bxb4+ 39. Ke3 Rc3 40.
Kd4 Rb3 41. Kc4 Rc3+ 42. Kd4 c5+ 43. Ke4 Ba5 44. Ra7 Rc2 45. Ne5 Re2+ 46. Kd5
Rd2+ 47. Kc6 c4 48. Rxf7+ Kg8 49. Rb7 c3 50. Nxg6 c2 51. Ne7+ Kf8 52. Ng6+ Ke8
53. Rb8+ Kf7 54. Rb7+ Kxg6 0-1

[Event "FIDE World Bl Team Pool D"]
[Site "London ENG"]
[Date "2025.06.14"]
[Round "13.4"]
[White "Kuka Kyle"]
[Black "Cujba, Anca-Claudia"]
[Result "1-0"]
[WhiteElo "1892"]
[BlackElo "1741"]
[WhiteTeam "Equity Bank, Kenya"]
[BlackTeam "REY AHOGADO"]
[WhiteFideId "10831533"]
[BlackFideId "1215612"]
[EventDate "2025.06.14"]
[EventType "team"]

1. e4 d5 2. exd5 Nf6 3. d4 Nxd5 4. Bb5+ Nd7 5. Be2 g6 6. Nf3 Bg7 7. O-O O-O 8.
c4 N5b6 9. Nc3 c6 10. Be3 Nf6 11. h3 Qc7 12. Rc1 Be6 13. b3 Rad8 14. Qd2 c5 15.
d5 Bc8 16. Nb5 Qb8 17. Bf4 e5 18. Bxe5 Ne4 19. Bxb8 Nxd2 20. Nxd2 Bb2 21. Rb1 1-0

[Event "FIDE World Bl Team Pool D"]
[Site "London ENG"]
[Date "2025.06.14"]
[Round "13.5"]
[White "Heimbaecher, Peter"]
[Black "Kabugu, Njagi"]
[Result "0-1"]
[WhiteElo "1804"]
[BlackElo "1682"]
[WhiteTeam "REY AHOGADO"]
[BlackTeam "Equity Bank, Kenya"]
[WhiteFideId "24617431"]
[BlackFideId "10806075"]
[EventDate "2025.06.14"]
[EventType "team"]

1. e4 d6 2. f4 e6 3. Nf3 Be7 4. Be2 Nf6 5. d3 O-O 6. O-O b6 7. Nbd2 Bb7 8. h3
Nbd7 9. b3 Rc8 10. Bb2 c5 11. Nc4 Nh5 12. f5 exf5 13. exf5 Ng3 14. Rf2 Nxf5 15.
Qd2 Re8 16. Raf1 Ng3 17. Re1 d5 18. Ne3 d4 19. Nf1 Nf5 20. N3h2 Bh4 21. Rxf5
Bxe1 22. Qxe1 Ne5 23. Qf2 f6 24. Ng4 Rc7 25. Bc1 Qe7 26. Nxe5 fxe5 27. h4 e4 28.
dxe4 Qxe4 29. Bg4 Qxg4 30. Rg5 Qe2 31. Qg3 Rf7 32. Nd2 Qe3+ 33. Kh1 Qxg3 34.
Rxg3 h6 35. h5 Kh8 36. Nc4 Re1+ 37. Kh2 Rxc1 38. Nd6 Rd7 39. Nf5 Bc6 40. Rg6 Ba8
41. g4 Be4 42. Re6 Bxf5 43. gxf5 Rxc2+ 44. Kg3 Rf7 45. Re5 Rc1 46. Re8+ Kh7 47.
Re5 Rf1 48. Kg4 Rf2 49. a4 Rg2+ 50. Kf3 Rg5 51. Kf4 d3 52. Rd5 d2 53. Rxd2
Rgxf5+ 54. Ke4 Rf3 55. Rd8 R3f5 56. a5 Rxh5 57. axb6 axb6 58. Rd6 Rf6 59. Rd8
Rh4+ 60. Ke5 Rhf4 61. Rb8 h5 62. Kd5 h4 63. Re8 h3 64. Re1 h2 65. Rh1 Rh6 66.
Ke5 Rg4 67. Kf5 Rg1 0-1

[Event "FIDE World Bl Team Pool D"]
[Site "London ENG"]
[Date "2025.06.14"]
[Round "13.1"]
[White "Nogerbek, Kazybek"]
[Black "Sagalchik, Gennadij"]
[Result "1-0"]
[WhiteTitle "GM"]
[BlackTitle "GM"]
[WhiteElo "2538"]
[BlackElo "2434"]
[WhiteTeam "Barys.kz"]
[BlackTeam "Perfect"]
[WhiteFideId "13710427"]
[BlackFideId "2007916"]
[EventDate "2025.06.14"]
[EventType "team"]

1. Nf3 d5 2. g3 Nc6 3. d4 Bg4 4. Bg2 e6 5. h3 Bh5 6. O-O Qd7 7. c4 Nge7 8. Nc3
dxc4 9. Qa4 Nd5 10. Qxc4 Be7 11. Rd1 O-O 12. Qb3 Nb6 13. Ne5 Nxe5 14. dxe5 Qc8
15. Be3 c6 16. Rac1 Rd8 17. g4 Bg6 18. Bxb6 axb6 19. Qxb6 Qb8 20. Qe3 Qa7 21.
Rxd8+ Bxd8 22. Qxa7 Rxa7 23. a3 Ra8 24. Be4 Bb6 25. e3 Rd8 26. Bxg6 hxg6 27. Rd1
Rxd1+ 28. Nxd1 g5 29. Kg2 Kf8 30. f4 Ke7 31. Kf3 Bc5 32. fxg5 Kd7 33. Nf2 Be7
34. h4 c5 35. Ne4 Kc6 36. h5 Bf8 37. Nd6 Kd5 38. Nxf7 c4 39. h6 Bxa3 40. bxa3 c3
41. hxg7 c2 42. g8=Q 1-0

[Event "FIDE World Bl Team Pool D"]
[Site "London ENG"]
[Date "2025.06.14"]
[Round "13.2"]
[White "Atlas, Valery"]
[Black "Makhnev, Denis"]
[Result "0-1"]
[WhiteTitle "IM"]
[BlackTitle "GM"]
[WhiteElo "2401"]
[BlackElo "2531"]
[WhiteTeam "Perfect"]
[BlackTeam "Barys.kz"]
[WhiteFideId "12000035"]
[BlackFideId "13707647"]
[EventDate "2025.06.14"]
[EventType "team"]

1. e4 e5 2. Nf3 Nc6 3. Bc4 Bc5 4. c3 Nf6 5. d3 a5 6. O-O d6 7. a4 h6 8. Na3 O-O
9. h3 Ne7 10. Re1 Ng6 11. Nc2 Bb6 12. Be3 c6 13. Ba2 Bc7 14. c4 Re8 15. Qd2 Nh5
16. d4 Qf6 17. Nh2 Nhf4 18. Kh1 exd4 19. Bxd4 Qg5 20. f3 Nxh3 21. Qxg5 Nxg5 22.
Rad1 Ne6 23. Bc3 Nc5 24. b3 f5 25. exf5 Bxf5 26. Nd4 Bd7 27. Bb1 Nf8 28. Ng4
Rxe1+ 29. Rxe1 Re8 30. Rd1 h5 31. Nf2 g6 32. Nd3 Nxd3 33. Bxd3 Kf7 34. Kg1 Ne6
35. Nxe6 Bxe6 36. Be4 Rb8 37. Kf2 b5 38. Bxc6 bxc4 39. bxc4 Rb3 40. Be1 Bxc4 41.
Rc1 Bb6+ 42. Kg3 Be6 43. Bb5 g5 44. Rc6 Be3 45. Bxa5 Rb2 46. f4 Bxf4+ 47. Kf3
Bd5# 0-1

[Event "FIDE World Bl Team Pool D"]
[Site "London ENG"]
[Date "2025.06.14"]
[Round "13.3"]
[White "Mamedov, Edgar"]
[Black "Arakhamia-Grant, Ketevan"]
[Result "1-0"]
[WhiteTitle "IM"]
[BlackTitle "GM"]
[WhiteElo "2509"]
[BlackElo "2269"]
[WhiteTeam "Barys.kz"]
[BlackTeam "Perfect"]
[WhiteFideId "13739980"]
[BlackFideId "13600168"]
[EventDate "2025.06.14"]
[EventType "team"]

1. d4 Nf6 2. c4 c5 3. Nf3 cxd4 4. Nxd4 e5 5. Nb3 d5 6. cxd5 Qxd5 7. Qxd5 Nxd5 8.
Bd2 Nc6 9. Nc3 Be6 10. Nxd5 Bxd5 11. e3 Be7 12. f3 O-O 13. Be2 Rfd8 14. Bc3 Nb4
15. Kf2 Nxa2 16. Rxa2 Bxb3 17. Ra5 f6 18. Rb5 Be6 19. Rxb7 Bc5 20. g4 Bb6 21.
Rd1 Rxd1 22. Bxd1 Rd8 23. Ba4 Rd3 24. Rb8+ Rd8 25. Rxd8+ Bxd8 26. h3 Kf7 27. Bb5
Bb6 28. Ke2 Bc5 29. Kd3 Ke7 30. Bd2 Kd6 31. Bc4 Bd7 32. Bg8 h6 33. Bc4 Bc6 34.
Ke2 Bb7 35. h4 Bc6 36. e4 Bd4 37. b3 Bc5 38. g5 hxg5 39. hxg5 Bd4 40. Kf1 Kc5
41. g6 Be8 42. Bf7 Bb5+ 1-0

[Event "FIDE World Bl Team Pool D"]
[Site "London ENG"]
[Date "2025.06.14"]
[Round "13.4"]
[White "Gluhovsky, Mark"]
[Black "Ismagambetov, Anuar"]
[Result "0-1"]
[BlackTitle "GM"]
[WhiteElo "2224"]
[BlackElo "2520"]
[WhiteTeam "Perfect"]
[BlackTeam "Barys.kz"]
[WhiteFideId "24165514"]
[BlackFideId "13701525"]
[EventDate "2025.06.14"]
[EventType "team"]

1. e4 c5 2. Nf3 e6 3. g3 Nc6 4. Bg2 d6 5. O-O Nf6 6. Re1 Be7 7. c3 O-O 8. d4
cxd4 9. cxd4 d5 10. e5 Ne4 11. Nbd2 Nxd2 12. Bxd2 Qb6 13. Bc3 Bd7 14. h4 Rac8
15. h5 f6 16. h6 g6 17. exf6 Bxf6 18. Bh3 Rce8 19. Qd2 Rf7 20. Re3 Qc7 21. Rae1
Qd6 22. b4 a6 23. Kg2 Bd8 24. Qe2 Rf6 25. Ne5 Bc8 26. f4 Ne7 27. Nd3 Nf5 28.
Bxf5 gxf5 29. Nc5 Rxh6 30. b5 Rg6 31. bxa6 bxa6 32. Kf2 Kh8 33. Qd2 Reg8 34. Bb4
Qc6 35. Nd3 Bc7 36. Rc1 Qb7 37. Qc3 Bb8 38. Qa3 Bd7 39. Bd6 Bb5 40. Bxb8 Qxb8
41. Ne5 R6g7 42. Rec3 Qb6 43. Qc5 Qa5 44. Qd6 Qxa2+ 45. R1c2 Qb1 46. Qxe6 Qf1+
47. Ke3 Rxg3+ 0-1

[Event "FIDE World Bl Team Pool D"]
[Site "London ENG"]
[Date "2025.06.14"]
[Round "13.6"]
[White "Mindru, Valeriu"]
[Black "Nurakyn, Suleiman"]
[Result "0-1"]
[WhiteElo "1874"]
[BlackElo "1773"]
[WhiteTeam "Perfect"]
[BlackTeam "Barys.kz"]
[WhiteFideId "13905775"]
[BlackFideId "447003073"]
[EventDate "2025.06.14"]
[EventType "team"]

1. d4 Nf6 2. Nf3 g6 3. c4 Bg7 4. Nc3 O-O 5. e4 d6 6. h3 c5 7. d5 e6 8. Bg5 exd5
9. exd5 b5 10. Be2 bxc4 11. O-O Nbd7 12. Qd2 Nb6 13. Rfe1 Qc7 14. a4 Bb7 15. Bf4
a6 16. a5 Nbxd5 17. Nxd5 Nxd5 18. Bg3 c3 19. Qc2 Nb4 20. Qb3 cxb2 21. Rab1 Be4
22. Rxb2 Bd5 23. Qa3 Bxb2 24. Qxb2 Rfe8 25. Rd1 Rab8 26. Qc3 Rxe2 0-1

[Event "FIDE World Bl Team Pool D"]
[Site "London ENG"]
[Date "2025.06.14"]
[Round "13.1"]
[White "Cancedda-Dupuis, Livio"]
[Black "Kantor, Gergely"]
[Result "1-0"]
[BlackTitle "GM"]
[WhiteElo "2053"]
[BlackElo "2584"]
[WhiteTeam "The London Legends"]
[BlackTeam "Team Hungary"]
[WhiteFideId "499447"]
[BlackFideId "751499"]
[EventDate "2025.06.14"]
[EventType "team"]

1. d4 Nf6 2. Nf3 d5 3. c4 e6 4. Nc3 c6 5. cxd5 exd5 6. Bg5 h6 7. Bh4 Bf5 8. e3
Nbd7 9. Bd3 Bxd3 10. Qxd3 Be7 11. O-O O-O 12. Rfe1 Re8 13. Rad1 Nb6 14. Ne5 Ne4
15. Bxe7 Qxe7 16. Nxe4 dxe4 17. Qb3 Nd5 18. a3 h5 19. f3 exf3 20. e4 f2+ 21.
Kxf2 Nf6 22. Kg1 Rad8 23. Re2 c5 24. Nf3 cxd4 25. Rxd4 Rxd4 26. Nxd4 Qc5 27. Qd3
Qc1+ 28. Kf2 Ng4+ 29. Kg3 Qc7+ 30. e5 Nxe5 31. Qf5 Nc6+ 32. Kh3 Rxe2 33. Nxe2 g6
34. Qe4 Qd7+ 35. Kg3 Qd6+ 36. Qf4 Qd3+ 37. Kf2 Kg7 38. Qe3 Qxe3+ 39. Kxe3 Kf6
40. Ke4 g5 41. h3 h4 42. Kd5 Kf5 43. Kd6 Na5 44. Kc7 b6 45. Kb8 Nc4 46. b3 Nxa3
47. Kxa7 b5 48. Kb6 g4 49. hxg4+ Kxg4 50. Ka5 f5 51. Kb4 Nc2+ 52. Kxb5 Ne3 53.
Kc5 Nxg2 54. Ng1 h3 55. Nxh3 Kxh3 56. b4 f4 57. b5 f3 58. b6 f2 59. b7 f1=Q 60.
b8=Q Qc1+ 61. Kb6 Qe3+ 62. Kb7 Nf4 63. Qc8+ Kg3 64. Qc7 Kf3 65. Qc6+ Kg4 66.
Qd7+ Ne6 67. Qd5 Kf4 68. Qd6+ Kf5 69. Qd5+ Kf6 70. Qd6 Qb3+ 71. Ka7 Qa4+ 72. Kb6
Kf7 73. Qc6 Qb4+ 74. Qb5 Qd4+ 75. Ka5 Kf6 76. Qb6 Qa1+ 77. Kb5 Kf5 78. Qf2+ Nf4
79. Qc2+ Kg4 80. Qc4 Qe5+ 81. Ka4 Kg3 82. Kb3 Nd5 83. Qd3+ Kf4 84. Kc4 Ne3+ 85.
Kb3 Qb8+ 86. Ka2 Qa7+ 87. Kb3 Qb6+ 88. Ka2 Qa5+ 89. Kb3 Nd5 90. Qd4+ Kf5 91.
Qd3+ Ke5 92. Qg3+ Kd4 93. Qf2+ Ke4 94. Qg2+ Ke5 95. Qg3+ Nf4 96. Qg5+ 1-0

[Event "FIDE World Bl Team Pool D"]
[Site "London ENG"]
[Date "2025.06.14"]
[Round "13.2"]
[White "Erdos, Viktor"]
[Black "Dasgupta, Avyukt"]
[Result "1-0"]
[WhiteTitle "GM"]
[WhiteElo "2545"]
[BlackElo "2125"]
[WhiteTeam "Team Hungary"]
[BlackTeam "The London Legends"]
[WhiteFideId "719978"]
[BlackFideId "480630"]
[EventDate "2025.06.14"]
[EventType "team"]

1. d4 Nf6 2. c4 e6 3. Nc3 Bb4 4. e3 b6 5. Ne2 Ba6 6. Ng3 Bxc3+ 7. bxc3 d5 8. Qf3
c6 9. e4 O-O 10. Bg5 h6 11. h4 dxe4 12. Nxe4 Nbd7 13. Nxf6+ Nxf6 14. Rh3 Re8 15.
Bxf6 Qxf6 16. Qxf6 gxf6 17. O-O-O Rad8 18. Re3 Kg7 19. a4 f5 20. Kc2 Kf6 21. a5
Rb8 22. Ra1 b5 23. c5 Rg8 24. g3 Rbd8 25. Bg2 Rc8 26. Kb3 Rc7 27. Rae1 Bc8 28.
Re5 Bd7 29. Bf1 a6 30. Bd3 Rcc8 31. R5e3 Rg7 32. Be2 Rcg8 33. Bf3 Rc8 34. Kc2
Rgg8 35. Kd3 Rg7 36. Rb1 Rgg8 37. Re2 Rge8 38. c4 e5 39. dxe5+ Rxe5 40. Rxe5
Kxe5 41. Re1+ Kf6 42. Kc3 Be6 43. Rd1 bxc4 44. Rd6 Rb8 45. Bxc6 Rb3+ 46. Kc2 Ra3
47. Bb7 Rxa5 48. c6 Rc5 49. Kc3 Ke7 50. Rd2 a5 51. Rd1 Rd5 52. Re1 Kd6 53. c7
Rc5 54. Rxe6+ Kxc7 55. Re7+ Kb6 56. Rxf7 Re5 57. Bf3 Re1 58. Rb7+ Kc5 59. Rc7+
Kb5 60. Bd5 Rc1+ 61. Kd2 Ra1 62. Bxc4+ Kb6 63. Rc8 Ra4 64. Ke3 Ra3+ 65. Kf4 Rc3
66. Be6 Rd3 67. Bxf5 Rd4+ 68. Ke3 Rd5 69. Be4 Re5 70. Ra8 Kb5 71. Kd4 Re7 72. g4
a4 73. f4 Kb4 74. f5 Rd7+ 75. Ke5 a3 76. f6 Kb3 77. Bd5+ Kb2 78. g5 hxg5 79.
hxg5 Rc7 80. g6 Rc5 81. g7 1-0

[Event "FIDE World Bl Team Pool D"]
[Site "London ENG"]
[Date "2025.06.14"]
[Round "13.3"]
[White "Patel, Zain"]
[Black "Kozak, Adam"]
[Result "0-1"]
[BlackTitle "GM"]
[WhiteElo "2045"]
[BlackElo "2587"]
[WhiteTeam "The London Legends"]
[BlackTeam "Team Hungary"]
[WhiteFideId "469246"]
[BlackFideId "753246"]
[EventDate "2025.06.14"]
[EventType "team"]

1. Nf3 d5 2. d4 Nf6 3. e3 e6 4. Bd3 b6 5. O-O Bb7 6. b3 Bd6 7. Bb2 Nbd7 8. Nbd2
Ne4 9. c4 Qe7 10. Qe2 a6 11. Rad1 O-O 12. Bxe4 dxe4 13. Ne5 Bxe5 14. dxe5 Qg5
15. f3 exf3 16. Nxf3 Bxf3 17. Rxf3 Nc5 18. e4 Rad8 19. Rg3 Rxd1+ 20. Qxd1 Qf4
21. Qf3 Qxf3 22. gxf3 Rd8 23. Rg2 Rd1+ 24. Kf2 a5 25. Kg3 Rd3 26. Kf4 h6 27. h4
Rd1 28. Ba3 Nd3+ 29. Ke3 Nxe5 30. Bb2 f6 31. f4 Nd7 32. e5 f5 33. Rd2 Rxd2 34.
Kxd2 Kf7 35. Ke3 Kg6 36. Ba3 c5 37. Kf3 Kh5 38. Kg3 Nf8 39. Bc1 Ng6 40. a3 Nxh4
41. Bd2 Ng6 42. b4 axb4 43. axb4 Ne7 44. bxc5 bxc5 45. Be3 Nc6 46. Bxc5 Na5 47.
Bf8 g5 48. c5 Nc6 49. Bd6 Kg6 50. Kf3 h5 51. fxg5 Kxg5 52. Bc7 h4 53. Bd6 f4 54.
Bc7 Kf5 55. Bd6 h3 56. Kf2 Kg4 57. Bf8 Nxe5 58. Bg7 Nd3+ 59. Ke2 0-1

[Event "FIDE World Bl Team Pool D"]
[Site "London ENG"]
[Date "2025.06.14"]
[Round "13.4"]
[White "Ruck, Robert"]
[Black "Vashisht-Pigem, Raman"]
[Result "1-0"]
[WhiteTitle "GM"]
[WhiteElo "2515"]
[BlackElo "1965"]
[WhiteTeam "Team Hungary"]
[BlackTeam "The London Legends"]
[WhiteFideId "705713"]
[BlackFideId "469734"]
[EventDate "2025.06.14"]
[EventType "team"]

1. Nf3 Nf6 2. c4 e6 3. Nc3 d5 4. d4 Be7 5. Bf4 O-O 6. e3 c6 7. h3 b6 8. Bd3 Bb7
9. O-O Nbd7 10. Qe2 dxc4 11. Bxc4 c5 12. Rfd1 a6 13. a4 Re8 14. Rac1 Nd5 15.
dxc5 Bxc5 16. Nxd5 exd5 17. Bxd5 Bxd5 18. Rxd5 Qf6 19. Qd2 Nf8 20. b4 Be7 21.
Bg5 Qg6 22. Nh4 Qe4 23. Bxe7 Qxe7 24. Nf5 Qf6 25. Qd4 Qxd4 26. Rxd4 g6 27. Nd6
Red8 28. Ne4 Ne6 29. Rxd8+ Rxd8 30. Rc6 Rd1+ 31. Kh2 Ra1 32. Rxb6 Rxa4 33. Nf6+
Kg7 34. Nd5 Ra1 35. f4 h5 36. g4 hxg4 37. hxg4 Ra2+ 38. Kg3 Ra3 39. Kf2 Ra2+ 40.
Kf3 Ra3 41. g5 Nd4+ 42. Kf2 Nc2 43. Rb8 f5 44. gxf6+ Kf7 45. Rb7+ Kf8 46. f5
gxf5 47. Nf4 Ra2 48. Ng6+ Kg8 49. Rg7# 1-0

[Event "FIDE World Bl Team Pool D"]
[Site "London ENG"]
[Date "2025.06.14"]
[Round "13.5"]
[White "Mokhber-Garcia, Sebastian"]
[Black "Gaal, Zsoka"]
[Result "1-0"]
[BlackTitle "WGM"]
[WhiteElo "1853"]
[BlackElo "2391"]
[WhiteTeam "The London Legends"]
[BlackTeam "Team Hungary"]
[WhiteFideId "499269"]
[BlackFideId "777765"]
[EventDate "2025.06.14"]
[EventType "team"]

1. e4 c6 2. d4 d5 3. Nc3 dxe4 4. Nxe4 Bf5 5. Ng3 Bg6 6. h4 h6 7. h5 Bh7 8. Bc4
e6 9. Nf3 Nd7 10. c3 Ngf6 11. a4 Bd6 12. Ne2 a5 13. Bd3 Bxd3 14. Qxd3 Nd5 15.
Bd2 N7f6 16. Rh4 Qb6 17. Qb1 Qc7 18. Qd3 O-O-O 19. Rb1 Rhe8 20. Kf1 Nd7 21. b4
axb4 22. cxb4 e5 23. dxe5 Nxe5 24. Qf5+ Kb8 25. Nfd4 Nc4 26. Qd3 Nxd2+ 27. Qxd2
Re5 28. b5 c5 29. Nf3 Rxe2 30. Kxe2 Bf4 31. Qc2 Nb4 32. Qf5 Qe7+ 33. Kf1 Bc7 34.
Re1 Qd6 35. Rhe4 Nd3 36. Rd1 Qb6 37. Rc4 Qa5 38. Rxd3 Re8 39. Re3 Rd8 40. Rc1
Qxa4 41. Qc2 Qxb5+ 42. Kg1 Bf4 43. Rb3 Qc6 44. Rcb1 Rd7 45. Qf5 Bd6 46. Ne5 Bxe5
47. Qxe5+ Kc8 48. Qe8+ Kc7 49. Rxb7+ 1-0

[Event "FIDE World Bl Team Pool D"]
[Site "London ENG"]
[Date "2025.06.14"]
[Round "13.1"]
[White "Fernandez, Daniel Howard"]
[Black "Amartuvshin, Ganzorig"]
[Result "1/2-1/2"]
[WhiteTitle "GM"]
[BlackTitle "IM"]
[WhiteElo "2484"]
[BlackElo "2430"]
[WhiteTeam "English Knightmares"]
[BlackTeam "Mongolia-A"]
[WhiteFideId "5801605"]
[BlackFideId "4902548"]
[EventDate "2025.06.14"]
[EventType "team"]

1. b3 Nf6 2. Bb2 e6 3. g3 d5 4. Bg2 Be7 5. d3 O-O 6. Nd2 b6 7. e4 Bb7 8. Ne2 c5
9. O-O Nc6 10. Re1 b5 11. a4 a6 12. d4 c4 13. exd5 exd5 14. Nf4 Nb4 15. axb5
axb5 16. Rxa8 Bxa8 17. bxc4 bxc4 18. Ba3 Bd6 19. c3 Bxf4 20. Bxb4 Bd6 21. Qa4
Bxb4 22. Qxb4 h6 23. Ra1 Qc7 24. Nxc4 Rb8 25. Qd6 Qxd6 26. Nxd6 Bc6 27. Nf5 Kf8
28. Ne3 Rc8 29. Ra5 Be8 30. Rc5 Rxc5 31. dxc5 Ne4 32. Bxe4 dxe4 33. Nf5 g6 34.
Nd4 Ke7 35. f3 exf3 36. Kf2 Kf6 37. Kxf3 Ke5 38. c6 Kd6 39. Ke4 f6 40. h4 h5 41.
c4 Bxc6+ 42. Nxc6 Kxc6 43. Kd4 g5 44. Ke4 gxh4 45. gxh4 Kc5 46. Kf5 Kxc4 47.
Kxf6 Kd5 48. Kg6 Ke6 49. Kxh5 Kf7 50. Kh6 Kg8 51. Kg6 Kh8 52. h5 Kg8 53. h6 Kh8
54. h7 1/2-1/2